000 00830nam a2200229Ii 4500
003 JO-AjNU
008 230605s9999||||xx |||||||||||||| ||und||
017 _a2005/20825
020 _a977-277-410-0
040 _aJO-AjNU
_bara
_erda
_cJO-AjNU
041 _aara
050 1 4 _aLB3013 2005
100 3 _aالخزامى،عبد الحكيم أحمد,
_eauthor
_921936
245 0 0 _aذاكرة للتعلم:تخزن المعلومات وتنقل المعرفة بدون فاقد
264 3 1 _aالقاهرة:دار الطلائع،2005
300 _a111ص
336 _atext
_btxt
_2rdacontent
337 _aunmediated
_bn
_2rdamedia
338 _avolume
_bnc
_2rdacarrier
490 0 _aسلسلة المدرس الناجح وكفاءة العملية التعليمية
650 4 _aتعليم-ذاكرة-معلومات
_921937
999 _aA7704
_c11272
_d11272